000 00496nam a2200181Ia 4500
005 20250508151122.0
008 008 250505s9999 xx 000 0 eng d
037 _aTextual
040 _aFEDL
_beng
_cFEDL
041 _aeng
_2eng
084 _a910.7, WAL
_qFEDL
100 _aWalker James
245 0 _aAspects of geography teaching in school
260 _aEdinburgh
_bOliver and Boyd
_c1953
300 _avii,160p.
942 _cTEXL
_h910.7, WAL
999 _c1327689
_d1327689